000 00410nmm a2200145Ia 4500
008 251105s9999||||xx |||||||||||||||||und||
041 _aspa
100 _aPhillips, Arthur
245 0 _aLa tragedia de Arthur
264 _a[Madrid, España] :
_bEdiciones B,
_c2015
300 _a496 páginas
650 _aNorth American narrative
856 _uhttps://public.digitaliapublishing.com/a/53108
942 _cCF
999 _c105689
_d105689